[Event "XXVII. Rhein-Main-Open, Gruppe B"]
[Site "Bad Homburg vor der Höhe"]
[Date "2025.06.19"]
[Round "2.2"]
[White "Shanmuganathan, Adhav"]
[Black "Mühlpfordt, Werner"]
[Result "0-1"]
[WhiteElo "1719"]
[BlackElo "1958"]
[PlyCount "48"]
[EventDate "2025.06.18"]
[WhiteTeam "SV 1934 Ffm-Griesheim"]
[BlackTeam "SC 1997 Lambsheim"]

1. e4 c5 2. Nf3 d6 3. d4 cxd4 4. Nxd4 Nf6 5. Nc3 a6 6. f3 e5 7. Nb3 Be6 8. Be3 Be7 9. Qd2 Nbd7 10. g4 Nb6 11. Bxb6 Qxb6 12. Nd5 Nxd5 13. exd5 Bh4+ 14. Kd1 Bd7 15. c4 Ba4 16. Qc3 Rc8 17. f4 O-O 18. fxe5 dxe5 19. Be2 e4 20. Rf1 Bf6 21. Qc2 Qe3 22. h4 Rfd8 23. g5 Rxd5+ 24. Ke1 Be5 0-1

[Event "XXVII. Rhein-Main-Open, Gruppe B"]
[Site "Bad Homburg vor der Höhe"]
[Date "2025.06.19"]
[Round "2.3"]
[White "Bremer, Vincent"]
[Black "Smid, Marcel"]
[Result "1-0"]
[WhiteElo "1973"]
[BlackElo "1631"]
[PlyCount "79"]
[EventDate "2025.06.18"]
[WhiteTeam "TSG 1846 Bretzenheim/ZMO"]

1. e4 c6 2. Nf3 d5 3. d3 Bg4 4. Be2 dxe4 5. dxe4 Qxd1+ 6. Bxd1 Bxf3 7. Bxf3 Nd7 8. Be3 e5 9. Nd2 Ngf6 10. O-O-O Bc5 11. Rhe1 Bxe3 12. Rxe3 b5 13. Be2 Ke7 14. f3 a6 15. c4 Rhd8 16. g3 Rac8 17. Ra3 Ra8 18. b4 Ne8 19. c5 Nc7 20. f4 Ne6 21. fxe5 Nxe5 22. Nf3 Rxd1+ 23. Kxd1 Nxf3 24. Bxf3 Nd4 25. Bg2 Ke6 26. e5 h6 27. Kd2 g6 28. Re3 Rd8 29. Kc3 Nf5 30. Re2 Ne7 31. Bh3+ f5 32. exf6+ Kxf6 33. Re6+ Kf7 34. Rd6 Rxd6 35. cxd6 Nf5 36. Bxf5 gxf5 37. Kd4 Ke6 38. Kc5 Kd7 39. h3 h5 40. h4 1-0

[Event "XXVII. Rhein-Main-Open, Gruppe B"]
[Site "Bad Homburg vor der Höhe"]
[Date "2025.06.19"]
[Round "2.4"]
[White "Fernandez Egea, Andres"]
[Black "Spiegel, Nina"]
[Result "1-0"]
[WhiteElo "1849"]
[BlackElo "1696"]
[PlyCount "73"]
[EventDate "2025.06.18"]
[WhiteTeam "SF Frankfurt 1921"]
[BlackTeam "Sfr Stiller Zug Wiesbaden"]

1. c4 e6 2. g3 Nf6 3. Bg2 d5 4. e3 c6 5. Qc2 Nbd7 6. b3 Bb4 7. a3 Bd6 8. Ne2 O-O 9. Nbc3 Re8 10. O-O dxc4 11. bxc4 e5 12. d4 exd4 13. exd4 Nf8 14. Rb1 Qa5 15. Qd1 Rb8 16. c5 Bc7 17. Qc2 g6 18. Rb4 Bf5 19. Qb2 Qa6 20. Bf4 Bxf4 21. Nxf4 Qa5 22. Rc1 Ne6 23. Bxc6 Nxf4 24. gxf4 Re6 25. d5 Re7 26. d6 Re6 27. Nd5 Nxd5 28. Bxd5 Ree8 29. Qb3 Be6 30. d7 Re7 31. Bxe6 Rxe6 32. c6 Qc7 33. Rxb7 Rxb7 34. Qxb7 Qxf4 35. d8=Q+ Kg7 36. Qb2+ Kh6 37. Qdd2 1-0

[Event "XXVII. Rhein-Main-Open, Gruppe B"]
[Site "Bad Homburg vor der Höhe"]
[Date "2025.06.19"]
[Round "2.7"]
[White "Negru, Maximilian"]
[Black "Lopez Fuertes, Victor"]
[Result "0-1"]
[WhiteElo "1694"]
[BlackElo "1749"]
[PlyCount "112"]
[EventDate "2025.06.18"]
[WhiteTeam "SK Bad Homburg 1927"]
[BlackTeam "SC 1910 Höchst"]

1. e4 b6 2. d4 Bb7 3. Bd3 e6 4. c4 c5 5. d5 exd5 6. exd5 Nf6 7. Nc3 d6 8. g4 Qe7+ 9. Be3 g6 10. g5 Nh5 11. Qg4 Nd7 12. O-O-O Ne5 13. Qe4 Bc8 14. f4 Bf5 15. fxe5 Bxe4 16. exd6 Qe5 17. Bxe4 Bxd6 18. Nf3 Qe7 19. Rhe1 O-O 20. Bc2 Qd8 21. Ba4 a6 22. Bc6 Rb8 23. Ne4 b5 24. Nxc5 Bxc5 25. Bxc5 bxc4 26. Bxf8 Qxf8 27. d6 Kg7 28. Re7 Nf4 29. Ne5 Nd3+ 30. Nxd3 cxd3 31. Rf1 Rc8 32. Rc7 Rxc7 33. dxc7 Qc5+ 34. Kd2 Qxc6 35. Rc1 Qg2+ 36. Kxd3 Qd5+ 37. Ke2 Qe4+ 38. Kd2 Qf4+ 39. Kd1 Qg4+ 40. Kc2 Qc8 41. Kb3 f5 42. gxf6+ Kxf6 43. Kb4 g5 44. Ka5 h5 45. Kb6 Ke6 46. Rd1 Ke7 47. Re1+ Kd6 48. Rd1+ Ke7 49. Rd8 Qxd8 50. cxd8=Q+ Kxd8 51. Kxa6 g4 52. b4 h4 53. b5 g3 54. hxg3 hxg3 55. b6 g2 56. b7 Kc7 0-1

[Event "XXVII. Rhein-Main-Open, Gruppe B"]
[Site "Bad Homburg vor der Höhe"]
[Date "2025.06.19"]
[Round "2.8"]
[White "Hofmann, Werner"]
[Black "Kolker, Vladislav"]
[Result "0-1"]
[WhiteElo "1780"]
[BlackElo "1830"]
[PlyCount "62"]
[EventDate "2025.06.18"]
[WhiteTeam "SV 1920 Kelsterbach"]
[BlackTeam "SC Bad Nauheim"]

1. d4 Nf6 2. e3 g6 3. Bd3 Bg7 4. Nd2 O-O 5. f4 d6 6. Ngf3 Nbd7 7. e4 e5 8. fxe5 dxe5 9. d5 Qe7 10. c3 Ng4 11. h3 Nh6 12. Bc4 Kh8 13. Nb3 f5 14. Bg5 Nf6 15. exf5 gxf5 16. Qe2 Nf7 17. Bxf6 Qxf6 18. O-O-O e4 19. Nfd4 Nd6 20. Ne6 Bxe6 21. dxe6 a6 22. Nc5 Rfe8 23. Bb3 a5 24. a4 Rab8 25. Kb1 Rbd8 26. Rhf1 b6 27. Rxd6 Rxd6 28. Nxe4 Qe5 29. Qh5 Qxe4+ 30. Bc2 Qxe6 31. Bxf5 Qg8 0-1

[Event "XXVII. Rhein-Main-Open, Gruppe B"]
[Site "Bad Homburg vor der Höhe"]
[Date "2025.06.19"]
[Round "2.10"]
[White "Graschdankin, Roman"]
[Black "Graf, Michael"]
[Result "0-1"]
[WhiteElo "1756"]
[BlackElo "1724"]
[PlyCount "136"]
[EventDate "2025.06.18"]
[WhiteTeam "SK Bad Homburg 1927"]
[BlackTeam "Schachunion Schorndorf e.V."]

1. d4 Nf6 2. Nf3 b5 3. e3 a6 4. Bd3 Bb7 5. O-O e6 6. b3 d6 7. Bb2 Nbd7 8. c4 b4 9. Nbd2 Be7 10. Re1 c5 11. e4 cxd4 12. Nxd4 O-O 13. N2f3 Qc7 14. Qe2 Rfe8 15. e5 dxe5 16. Nxe5 Nxe5 17. Qxe5 Bd6 18. Qg5 Bxh2+ 19. Kf1 Bf4 20. Qh4 e5 21. Nf5 Qc6 22. f3 Rad8 23. Be2 Qe6 24. Ng3 Bxg3 25. Qxg3 Nh5 26. Qf2 Qg6 27. Bc1 e4 28. Be3 exf3 29. Bxf3 Qd3+ 30. Kg1 Bxf3 31. Qxf3 Qg6 32. Rad1 Ng3 33. Bf2 Nf5 34. Rxd8 Rxd8 35. Re5 Nh6 36. Qd5 Qb1+ 37. Kh2 Rf8 38. Rg5 Qc1 39. Bg3 Kh8 40. Qc5 Re8 41. Kh3 Qh1+ 42. Bh2 Qe1 43. Re5 Qc3+ 44. Bg3 Rd8 45. Re3 Qd2 46. Qe7 Qd4 47. Re4 Qd1 48. Qg5 f6 49. Qh4 Qd7+ 50. Kh2 Qf5 51. Bc7 Rg8 52. Rf4 Qc5 53. Rxf6 Qxc7+ 54. Qf4 Qxf4+ 55. Rxf4 g5 56. Re4 Rd8 57. Re6 Kg7 58. Rxa6 g4 59. Rb6 Ra8 60. Rxb4 Rxa2 61. Kg3 Kg6 62. c5 Kg5 63. c6 Nf5+ 64. Kh2 g3+ 65. Kh3 Ra1 66. Rg4+ Kh5 67. Rh4+ Nxh4 68. Kxg3 Rc1 0-1

[Event "XXVII. Rhein-Main-Open, Gruppe B"]
[Site "Bad Homburg vor der Höhe"]
[Date "2025.06.19"]
[Round "2.11"]
[White "Kesavan, Sarvesh"]
[Black "Reinhardt, Anton"]
[Result "0-1"]
[WhiteElo "1691"]
[BlackElo "1824"]
[PlyCount "70"]
[EventDate "2025.06.18"]
[WhiteTeam "SK Bad Homburg 1927"]
[BlackTeam "Sabt Frankfurter TV 1860"]

1. e4 c5 2. c3 d5 3. exd5 Qxd5 4. d4 g6 5. Nf3 Bg7 6. dxc5 Qxc5 7. Be3 Qc7 8. g3 Nh6 9. Bg2 O-O 10. O-O Nf5 11. Re1 Nxe3 12. Rxe3 Nc6 13. Nbd2 e5 14. Nc4 Be6 15. Qe2 Bh6 16. Re4 Bf5 17. Rh4 Bg7 18. g4 Be6 19. Ng5 Bxc4 20. Qxc4 Bf6 21. f4 exf4 22. Nxh7 Bxh4 23. Nxf8 Rxf8 24. Bxc6 bxc6 25. Rf1 Qb6+ 26. Kh1 Qxb2 27. Rxf4 Qc1+ 28. Rf1 Qg5 29. Qxc6 Qxg4 30. Rg1 Qf5 31. Qg2 Re8 32. Rf1 Qe4 33. Rc1 Qxg2+ 34. Kxg2 Re2+ 35. Kh3 Bg5 0-1

[Event "XXVII. Rhein-Main-Open, Gruppe B"]
[Site "Bad Homburg vor der Höhe"]
[Date "2025.06.19"]
[Round "2.12"]
[White "Reimer, Otto"]
[Black "Friedel, Thomas"]
[Result "1/2-1/2"]
[WhiteElo "1912"]
[BlackElo "1721"]
[PlyCount "67"]
[EventDate "2025.06.18"]
[WhiteTeam "SK Bad Homburg 1927"]
[BlackTeam "SV 1946 Groß-Gerau"]

1. e4 e5 2. Nf3 d6 3. Bc4 Be7 4. d4 exd4 5. Nxd4 Nf6 6. Nc3 O-O 7. O-O Re8 8. Bg5 Nxe4 9. Bxe7 Rxe7 10. Nd5 Re8 11. Re1 c6 12. Ne3 d5 13. Bd3 Nd7 14. c3 Ndf6 15. Nf3 Qb6 16. Qc2 Bd7 17. h3 Re7 18. Nd2 Rae8 19. Nxe4 Nxe4 20. Bxe4 Rxe4 21. Qd2 Qd8 22. f3 R4e5 23. Ng4 Qb6+ 24. Kh2 Bxg4 25. Rxe5 Rxe5 26. hxg4 Qe3 27. Qd1 Re6 28. Kg3 Qe5+ 29. Kf2 Qf6 30. Qd2 Qh4+ 31. Kg1 Rh6 32. Re1 Qh2+ 33. Kf2 Qh4+ 34. Kg1 1/2-1/2

[Event "XXVII. Rhein-Main-Open, Gruppe B"]
[Site "Bad Homburg vor der Höhe"]
[Date "2025.06.19"]
[Round "2.13"]
[White "Henn, Jochen"]
[Black "Nahler, Michael"]
[Result "0-1"]
[WhiteElo "1723"]
[BlackElo "1857"]
[PlyCount "74"]
[EventDate "2025.06.18"]
[WhiteTeam "SC Bad Nauheim"]
[BlackTeam "SV Oberursel"]

1. e4 e5 2. Nf3 Nf6 3. Nc3 Bb4 4. Nxe5 O-O 5. Be2 Re8 6. Nd3 Bxc3 7. dxc3 Nxe4 8. O-O d6 9. Re1 Bf5 10. Bf3 Nc6 11. Bf4 Qf6 12. Bxe4 Bxe4 13. Qd2 h6 14. f3 Bh7 15. Bg3 Kf8 16. Rxe8+ Rxe8 17. Re1 Rxe1+ 18. Qxe1 Qe6 19. Qxe6 fxe6 20. Kf2 e5 21. Ke3 Ne7 22. Kd2 Kf7 23. Bf2 b6 24. c4 a5 25. a4 Bf5 26. Ke3 g5 27. g4 Bd7 28. b3 Kf6 29. c3 Ng6 30. h3 Bc6 31. Be1 Nf8 32. Nf2 Ne6 33. Ne4+ Bxe4 34. Kxe4 Nc5+ 35. Kd5 Ke7 36. h4 Kd7 37. hxg5 c6# 0-1

[Event "XXVII. Rhein-Main-Open, Gruppe B"]
[Site "Bad Homburg vor der Höhe"]
[Date "2025.06.19"]
[Round "2.14"]
[White "Lebermann, Hellmuth"]
[Black "Schlömer, Andreas"]
[Result "1/2-1/2"]
[WhiteElo "1886"]
[BlackElo "1759"]
[PlyCount "56"]
[EventDate "2025.06.18"]
[WhiteTeam "SK Bad Homburg 1927"]
[BlackTeam "SK Upland Willingen"]

1. e4 c5 2. Nf3 d6 3. d4 cxd4 4. Nxd4 Nf6 5. Nc3 a6 6. f3 e6 7. Be3 b5 8. Bd3 Be7 9. O-O O-O 10. Kh1 Bb7 11. Nce2 Nc6 12. c3 Ne5 13. Bc2 Nc4 14. Bc1 Re8 15. Ng3 Qc7 16. b3 Nb6 17. Bb2 d5 18. Qd3 g6 19. Rfd1 dxe4 20. fxe4 Ng4 21. Qe2 Ne5 22. Nf3 Bf6 23. Rab1 Nxf3 24. Qxf3 Bg7 25. Ne2 Red8 26. Qe3 Rxd1+ 27. Bxd1 Nd7 28. Ng3 Ne5 1/2-1/2

[Event "XXVII. Rhein-Main-Open, Gruppe B"]
[Site "Bad Homburg vor der Höhe"]
[Date "2025.06.19"]
[Round "2.15"]
[White "Wesener, Joachim"]
[Black "Wolf, Helena"]
[Result "1/2-1/2"]
[WhiteElo "1753"]
[BlackElo "1702"]
[PlyCount "55"]
[EventDate "2025.06.18"]
[WhiteTeam "SC Hilchenbach"]
[BlackTeam "SK Bad Homburg 1927"]

1. g3 e5 2. c4 Bc5 3. Nc3 a6 4. Bg2 Nc6 5. d3 d6 6. Nf3 Ba7 7. a3 Nf6 8. Bd2 Be6 9. h3 O-O 10. e3 e4 11. Nxe4 Nxe4 12. dxe4 Bxc4 13. Qc2 Be6 14. O-O Ne5 15. Nd4 Bc4 16. Rfe1 Be6 17. Bc3 Qd7 18. Kh2 Nc6 19. Rad1 Nxd4 20. Bxd4 f5 21. Bxa7 Rxa7 22. e5 d5 23. f4 c6 24. b4 Raa8 25. Qc5 Rac8 26. Bf1 Rfe8 27. Rd2 Qe7 28. Rc1 1/2-1/2

[Event "XXVII. Rhein-Main-Open, Gruppe B"]
[Site "Bad Homburg vor der Höhe"]
[Date "2025.06.19"]
[Round "2.16"]
[White "Piacentino, Mirco"]
[Black "Hensel, Roman"]
[Result "1/2-1/2"]
[WhiteElo "1623"]
[BlackElo "1779"]
[PlyCount "88"]
[EventDate "2025.06.18"]
[WhiteTeam "SV 1934 Ffm-Griesheim"]
[BlackTeam "SV Oberursel"]

1. e4 c5 2. Nc3 Nc6 3. g3 g6 4. Bg2 Bg7 5. d3 e6 6. Be3 d6 7. Qd2 Nge7 8. Bh6 O-O 9. h4 f6 10. Bxg7 Kxg7 11. h5 g5 12. h6+ Kg8 13. f4 g4 14. O-O-O Nd4 15. Nge2 Rb8 16. Nxd4 cxd4 17. Ne2 Nc6 18. e5 dxe5 19. Bxc6 bxc6 20. fxe5 f5 21. Rh5 c5 22. Qg5+ Qxg5+ 23. Rxg5+ Kh8 24. Rg7 Rb7 25. Rxb7 Bxb7 26. Nf4 Bd5 27. Nxd5 exd5 28. e6 Re8 29. Rf1 Rxe6 30. Rxf5 Rxh6 31. Rg5 Rh1+ 32. Kd2 Rh2+ 33. Kc1 h5 34. Rxd5 Rh3 35. Rxc5 Rxg3 36. Rxh5+ Kg7 37. Rd5 Rf3 38. Rg5+ Kf6 39. Rxg4 Rf1+ 40. Kd2 Rf2+ 41. Ke1 Rxc2 42. Rxd4 Rxb2 43. Ra4 Ke5 44. Rxa7 Kd4 1/2-1/2

[Event "XXVII. Rhein-Main-Open, Gruppe B"]
[Site "Bad Homburg vor der Höhe"]
[Date "2025.06.19"]
[Round "2.18"]
[White "Nikonenko, Tymofii"]
[Black "Jacobs, Thomas"]
[Result "1/2-1/2"]
[WhiteElo "1495"]
[BlackElo "1801"]
[PlyCount "96"]
[EventDate "2025.06.18"]
[WhiteTeam "SV Oberursel"]
[BlackTeam "SV 1929 Raunheim"]

1. d4 Nf6 2. c4 e6 3. Nc3 Bb4 4. Qc2 O-O 5. Bg5 c5 6. e3 cxd4 7. exd4 d5 8. Nf3 Nbd7 9. a3 Qa5 10. Rc1 Bxc3+ 11. Qxc3 Qxc3+ 12. Rxc3 Ne4 13. Re3 Nxg5 14. Nxg5 dxc4 15. Bxc4 Nb6 16. Bb3 Bd7 17. O-O Bc6 18. Ne4 Rad8 19. Rd1 h6 20. Nc5 Nd5 21. Bxd5 Rxd5 22. Rc3 Rfd8 23. Kf1 e5 24. Ke1 Rxd4 25. Rcd3 Rxd3 26. Rxd3 Rxd3 27. Nxd3 f6 28. g3 Kf7 29. b4 Ke6 30. Kd2 g5 31. Ke3 h5 32. Nb2 Kf5 33. h3 Bg2 34. Nc4 Ke6 35. h4 gxh4 36. gxh4 Bd5 37. Nd2 Kf5 38. f3 b5 39. Nf1 Kg6 40. Ng3 f5 41. f4 e4 42. Kd4 Bc4 43. Nh1 Be2 44. Nf2 Kf6 45. Nh1 Ke6 46. Ng3 Bg4 47. Nf1 Kd6 48. Ne3 Bh3 1/2-1/2

[Event "XXVII. Rhein-Main-Open, Gruppe B"]
[Site "Bad Homburg vor der Höhe"]
[Date "2025.06.19"]
[Round "2.19"]
[White "Nichols, Uwe"]
[Black "Riazi, Dominik"]
[Result "1-0"]
[WhiteElo "1793"]
[BlackElo "1607"]
[PlyCount "83"]
[EventDate "2025.06.18"]
[WhiteTeam "SV Oberursel"]
[BlackTeam "SK Bad Homburg 1927"]

1. e4 e5 2. Nf3 Nc6 3. Bc4 Nf6 4. d3 d5 5. exd5 Nxd5 6. h3 Nb6 7. Bb3 Bc5 8. O-O O-O 9. Nc3 Bf5 10. Bg5 Be7 11. Bxe7 Qxe7 12. Nd5 Nxd5 13. Bxd5 Rad8 14. Bxc6 bxc6 15. Qe1 Rfe8 16. Qc3 Qf6 17. Rfe1 Rd5 18. Rad1 Bxh3 19. d4 Bg4 20. dxe5 Rexe5 21. Rxd5 Rxe1+ 22. Qxe1 h6 23. Qe8+ Kh7 24. Qe4+ g6 25. Qe5 Qxe5 26. Rxe5 h5 27. Re7 Kg7 28. Rxc7 Kf6 29. Rxc6+ Kf5 30. Nd4+ Ke5 31. c3 Kd5 32. Ra6 f5 33. Rxg6 Bd1 34. Rg5 h4 35. Rxf5+ Ke4 36. Kf1 Kd3 37. Ke1 Bg4 38. Rf4 Bh5 39. Rxh4 Bg6 40. Rg4 Bh5 41. Rg7 Kc4 42. Rxa7 1-0

[Event "XXVII. Rhein-Main-Open, Gruppe B"]
[Site "Bad Homburg vor der Höhe"]
[Date "2025.06.19"]
[Round "2.20"]
[White "Pfaff, Helmut"]
[Black "Beier, Claus Christian"]
[Result "0-1"]
[WhiteElo "1512"]
[BlackElo "1670"]
[PlyCount "50"]
[EventDate "2025.06.18"]
[WhiteTeam "Vorw.Orient Mainz"]
[BlackTeam "SK Bad Homburg 1927"]

1. c4 e6 2. e4 d5 3. e5 c5 4. Be2 Nc6 5. Nf3 Qc7 6. d4 cxd4 7. Bf4 Bb4+ 8. Nbd2 Nge7 9. O-O Ng6 10. a3 Nxf4 11. axb4 d3 12. Re1 dxe2 13. Qb3 Nxe5 14. Qe3 Nxf3+ 15. Nxf3 O-O 16. c5 Bd7 17. Qe5 Qxe5 18. Nxe5 Bb5 19. Ra3 f6 20. g3 fxe5 21. Rf3 Nh3+ 22. Kg2 Rxf3 23. Kxf3 Rf8+ 24. Kg4 Nxf2+ 25. Kh4 Ne4 0-1

[Event "XXVII. Rhein-Main-Open, Gruppe B"]
[Site "Bad Homburg vor der Höhe"]
[Date "2025.06.19"]
[Round "2.22"]
[White "Ahrends, Norbert"]
[Black "Kim, David"]
[Result "1-0"]
[WhiteElo "1964"]
[BlackElo "1578"]
[PlyCount "61"]
[EventDate "2025.06.18"]
[WhiteTeam "SK 1980 Gernsheim"]
[BlackTeam "SV 1920 Hofheim"]

1. d4 Nf6 2. c4 Nc6 3. Nc3 e5 4. d5 Ne7 5. Bg5 Ng6 6. Qc2 h6 7. Bd2 Bc5 8. e3 d6 9. Bd3 Ne7 10. Nge2 Bd7 11. Na4 Bb6 12. b4 O-O 13. Nec3 c6 14. c5 dxc5 15. bxc5 Ba5 16. d6 Ned5 17. O-O Nb4 18. Qb1 Nxd3 19. Qxd3 b6 20. f4 exf4 21. Rxf4 Bxc3 22. Nxc3 bxc5 23. Raf1 Be6 24. Rxf6 gxf6 25. e4 Kh8 26. Qe3 Qxd6 27. Qxh6+ Kg8 28. Rxf6 Qd4+ 29. Kh1 Qd7 30. Qg5+ Kh7 31. Rh6# 1-0

[Event "XXVII. Rhein-Main-Open, Gruppe B"]
[Site "Bad Homburg vor der Höhe"]
[Date "2025.06.19"]
[Round "2.24"]
[White "Krombach, Karl-Heinz"]
[Black "Jacoby, Jermaine"]
[Result "1/2-1/2"]
[WhiteElo "1899"]
[BlackElo "1579"]
[PlyCount "78"]
[EventDate "2025.06.18"]
[WhiteTeam "SC Hilchenbach"]
[BlackTeam "SK Bad Homburg 1927"]

1. Nf3 d5 2. d4 Nf6 3. c4 e6 4. Nc3 a6 5. e3 dxc4 6. Bxc4 c5 7. O-O Nc6 8. dxc5 Qxd1 9. Rxd1 Bxc5 10. a3 O-O 11. b4 Ba7 12. b5 Na5 13. Ba2 Bd7 14. a4 Rac8 15. Bb2 Rfd8 16. h3 Nc4 17. Bxc4 Rxc4 18. Ne5 Rcc8 19. Nxd7 Rxd7 20. Rxd7 Nxd7 21. Ne4 Bb8 22. bxa6 bxa6 23. a5 Be5 24. Rd1 Bxb2 25. Rxd7 Rc1+ 26. Kh2 Ba3 27. Nd6 Bxd6+ 28. Rxd6 g6 29. Rxa6 Ra1 30. Ra8+ Kg7 31. a6 h5 32. h4 Kf6 33. Kg3 Kf5 34. a7 Ke4 35. Kh3 Rh1+ 36. Kg3 Ra1 37. Kh2 Ra2 38. Kh3 Ra1 39. Kg3 Ra2 1/2-1/2

[Event "XXVII. Rhein-Main-Open, Gruppe B"]
[Site "Bad Homburg vor der Höhe"]
[Date "2025.06.19"]
[Round "2.27"]
[White "Nikonenko, Hlib"]
[Black "Pichl, Johann"]
[Result "1/2-1/2"]
[WhiteElo "1667"]
[BlackElo "1705"]
[PlyCount "56"]
[EventDate "2025.06.18"]
[WhiteTeam "SV Oberursel"]
[BlackTeam "SK Bad Homburg 1927"]

1. e4 d5 2. exd5 Qxd5 3. Nc3 Qd8 4. Nf3 Nf6 5. d4 Bg4 6. Be3 e6 7. Be2 Bd6 8. h3 Bxf3 9. Bxf3 c6 10. Ne4 Nxe4 11. Bxe4 Nd7 12. Qd2 Nf6 13. Bd3 Nd5 14. Bg5 Bb4 15. c3 Be7 16. Bxe7 Nxe7 17. Qe2 Nd5 18. O-O Nf4 19. Qf3 Nxd3 20. Qxd3 Qf6 21. Rfe1 O-O-O 22. Re3 Rd5 23. Rae1 Rf5 24. R1e2 h5 25. Re5 Rxe5 26. Rxe5 g6 27. Qe3 a6 28. Qg5 Qxg5 1/2-1/2

[Event "XXVII. Rhein-Main-Open, Gruppe B"]
[Site "Bad Homburg vor der Höhe"]
[Date "2025.06.19"]
[Round "2.28"]
[White "Xu, Dorothea Sicheng"]
[Black "Leopold, Dieter"]
[Result "1/2-1/2"]
[WhiteElo "1484"]
[BlackElo "1818"]
[PlyCount "58"]
[EventDate "2025.06.18"]
[WhiteTeam "SK Bad Homburg 1927"]
[BlackTeam "SK Königsspringer Wewels"]

1. e4 e5 2. Nf3 Nc6 3. Bc4 Nf6 4. d4 exd4 5. O-O Bc5 6. e5 d5 7. exf6 dxc4 8. fxg7 Rg8 9. Re1+ Be6 10. Bg5 Be7 11. Bxe7 Qxe7 12. Nxd4 O-O-O 13. Nxc6 bxc6 14. Qf3 Qg5 15. Nc3 Qxg7 16. Rad1 Rxd1 17. Nxd1 Bd5 18. Qh3+ Kb7 19. Ne3 Be6 20. Qh4 Qxb2 21. Qxh7 Rd8 22. Qe4 Rd4 23. Qf3 Qxa2 24. Nf5 Bxf5 25. Qxf5 Rd2 26. c3 a5 27. h4 Rd5 28. Qxf7 Qb3 29. h5 Rd1 1/2-1/2

[Event "XXVII. Rhein-Main-Open, Gruppe B"]
[Site "Bad Homburg vor der Höhe"]
[Date "2025.06.19"]
[Round "2.29"]
[White "Glavev, Victor"]
[Black "Morgen, Andreas"]
[Result "0-1"]
[WhiteElo "1443"]
[BlackElo "1766"]
[PlyCount "110"]
[EventDate "2025.06.18"]
[WhiteTeam "SK Bad Homburg 1927"]
[BlackTeam "SK Marburg 1931/72"]

1. e4 e5 2. Nf3 Nc6 3. d4 exd4 4. Bc4 Nf6 5. e5 d5 6. Bb5 Ne4 7. Nxd4 Bc5 8. f3 Qh4+ 9. g3 Nxg3 10. Rg1 Ne4+ 11. Ke2 Qf2+ 12. Kd3 Qxd4+ 13. Ke2 Qxg1 14. Qxg1 Bxg1 15. fxe4 O-O 16. Nc3 dxe4 17. Nxe4 Bxh2 18. Be3 Bxe5 19. Rg1 Nd4+ 20. Bxd4 Bxd4 21. Rg2 c6 22. Bd3 Be6 23. c3 Be5 24. Rg1 Rae8 25. Ng5 g6 26. Rh1 Bf6 27. Nxh7 Bd5+ 28. Kd2 Bxc3+ 29. Kxc3 Bxh1 30. Nf6+ Kg7 31. Nxe8+ Rxe8 32. b4 g5 33. Bf5 Bf3 34. Bh3 g4 35. Bf1 Re1 36. Bc4 Rc1+ 37. Kd4 Rxc4+ 38. Kxc4 g3 39. a4 g2 40. b5 g1=Q 41. bxc6 Qc1+ 42. Kd4 Qxc6 43. a5 Qd5+ 44. Ke3 Qe4+ 45. Kd2 Kf6 46. a6 b6 47. Kc3 Ke5 48. Kb3 Kd5 49. Kc3 Qd4+ 50. Kb3 Qc4+ 51. Ka3 Qb5 52. Ka2 Qb4 53. Ka1 Kc4 54. Ka2 Kc3 55. Ka1 Qb2# 0-1

[Event "XXVII. Rhein-Main-Open, Gruppe B"]
[Site "Bad Homburg vor der Höhe"]
[Date "2025.06.19"]
[Round "2.32"]
[White "Barthel, Bergit"]
[Black "Peschk, Kathrin"]
[Result "1/2-1/2"]
[WhiteElo "1918"]
[BlackElo "1640"]
[PlyCount "82"]
[EventDate "2025.06.18"]
[WhiteTeam "SC Matt im Park Ffm"]
[BlackTeam "SV 1946 Groß-Gerau"]

1. e4 e5 2. Nf3 Nc6 3. Nc3 Nf6 4. g3 Bb4 5. Bg2 d6 6. d3 h6 7. O-O Be6 8. d4 Bxc3 9. bxc3 Bc4 10. Re1 O-O 11. d5 Ne7 12. Nd2 Ba6 13. Bf1 Bxf1 14. Nxf1 c6 15. c4 cxd5 16. cxd5 Rc8 17. f3 Qc7 18. Ne3 Nd7 19. g4 Ng6 20. Nf5 Nc5 21. Kh1 Ne7 22. Rg1 Kh7 23. Qe1 Ng6 24. Qg3 Rh8 25. Be3 b6 26. a4 Nb7 27. Rgc1 Na5 28. Qh3 Kg8 29. Qg2 Nc4 30. Qe2 Nxe3 31. Qxe3 Nf4 32. c4 g6 33. Ng3 Qc5 34. Qd2 Kg7 35. a5 Ra8 36. Rab1 Rhb8 37. Rb5 Qa3 38. Rc3 Qa1+ 39. Rc1 Qa3 40. Rc3 Qa1+ 41. Rc1 Qa3 1/2-1/2

[Event "XXVII. Rhein-Main-Open, Gruppe B"]
[Site "Bad Homburg vor der Höhe"]
[Date "2025.06.19"]
[Round "2.33"]
[White "Goodwin, David"]
[Black "Stiller, Harald"]
[Result "0-1"]
[WhiteElo "1611"]
[BlackElo "1640"]
[PlyCount "62"]
[EventDate "2025.06.18"]
[WhiteTeam "SV 1920 Kelsterbach"]

1. Nf3 d5 2. g3 c5 3. Bg2 Nc6 4. O-O e5 5. c3 Nf6 6. d4 e4 7. Ne5 Be6 8. Qa4 Qc8 9. Nxc6 bxc6 10. Bf4 Be7 11. Bg5 cxd4 12. cxd4 O-O 13. Bxf6 Bxf6 14. e3 Qd7 15. Nc3 Rfc8 16. Ne2 c5 17. Qxd7 Bxd7 18. Nf4 Be6 19. Nh5 Bd8 20. Nf4 cxd4 21. exd4 Bb6 22. Nxe6 fxe6 23. Bh3 Kf7 24. b3 Rc2 25. Rfd1 Ke7 26. Rac1 Rac8 27. Ra1 Rf8 28. f4 exf3 29. Rd3 e5 30. Kf1 Rxh2 31. Re1 e4 0-1

[Event "XXVII. Rhein-Main-Open, Gruppe B"]
[Site "Bad Homburg vor der Höhe"]
[Date "2025.06.19"]
[Round "2.34"]
[White "Pishnograev, Ilya"]
[Black "Schmid, Herbert"]
[Result "1/2-1/2"]
[WhiteElo "1615"]
[BlackElo "1796"]
[Annotator "thoma"]
[PlyCount "122"]
[EventDate "2025.06.18"]
[WhiteTeam "SK Bad Homburg 1927"]
[BlackTeam "SK Wertheim"]

{[%evp 0,62,22,22,68,63,73,76,69,33,31,37,29,26,25,22,5,11,10,33,15,8,21,27,31,29,29,22,92,80,116,81,140,148,151,79,84,31,38,-19,-1,1,74,38,95,95,91,72,130,37,182,140,139,136,130,20,18,28,31,31,40,22,60,60,69]} 1. e4 c6 2. d4 d5 3. exd5 cxd5 4. Bd3 Nf6 5. Nf3 Nc6 6. c3 e6 7. O-O Bd6 8. Bg5 h6 9. Bh4 Bd7 10. Re1 g5 11. Bg3 Bxg3 12. hxg3 Qb6 13. b4 O-O-O 14. a4 Rdg8 15. a5 Qd8 16. a6 b6 17. Na3 Kb8 18. Qb3 h5 19. Nb5 Qf8 20. Ne5 Nxe5 21. dxe5 h4 22. exf6 hxg3 23. fxg3 Qh6 24. Qc2 Qxf6 25. Qe2 Bxb5 26. Bxb5 Qxc3 27. Rac1 Qxg3 28. Qe5+ Qxe5 29. Rxe5 Rh4 30. Bd7 Rxb4 31. Rxg5 Rd8 32. g3 Rc4 33. Rxc4 dxc4 34. Ba4 Kc7 35. Rg7 Rf8 36. Rg4 Kb8 37. Rxc4 e5 38. Re4 f6 39. Bc6 Rg8 40. Kf2 Kc7 41. Rc4 Kb8 42. Bb7 Rd8 43. Rc6 Rf8 44. g4 f5 45. gxf5 Rxf5+ 46. Ke3 Rf8 47. Re6 Rf5 48. Ke4 Rg5 49. Rxe5 Rxe5+ 50. Kxe5 Kc7 51. Ke6 Kb8 52. Kd7 b5 53. Kc6 b4 54. Kb5 b3 55. Be4 b2 56. Kb4 Kc7 57. Kc5 Kd7 58. Kb4 Kc7 59. Kb3 Kb6 60. Bd3 b1=Q+ 61. Bxb1 Kxa6 1/2-1/2

[Event "XXVII. Rhein-Main-Open, Gruppe B"]
[Site "Bad Homburg vor der Höhe"]
[Date "2025.06.19"]
[Round "2.35"]
[White "Röckle, Silas"]
[Black "Bensberg, Arno"]
[Result "0-1"]
[WhiteElo "1701"]
[BlackElo "1742"]
[PlyCount "136"]
[EventDate "2025.06.18"]
[WhiteTeam "SF Frankfurt 1921"]
[BlackTeam "SC Hilchenbach"]

1. e4 d5 2. exd5 Nf6 3. Nf3 Nxd5 4. d4 Bg4 5. h3 Bh5 6. c4 Nb6 7. c5 N6d7 8. g4 Bg6 9. Qb3 Qc8 10. Bg2 c6 11. O-O e6 12. Nc3 a6 13. Bf4 Be7 14. Rfe1 O-O 15. Ne4 Bxe4 16. Rxe4 Nf6 17. Ree1 Nd5 18. Bg3 Nd7 19. Nd2 Bf6 20. Bxd5 cxd5 21. Nf3 Qc6 22. Rac1 Rfe8 23. g5 Bd8 24. h4 Bc7 25. Bxc7 Qxc7 26. Ne5 Nxe5 27. Rxe5 Qc6 28. Qd1 Rac8 29. Re1 a5 30. Qb3 Rb8 31. Qb6 Qxb6 32. cxb6 Rbc8 33. Rc7 Rxc7 34. bxc7 Rc8 35. Rc1 Kf8 36. Kg2 Ke7 37. Kf3 Kd7 38. Kf4 f6 39. gxf6 gxf6 40. Rg1 Rxc7 41. Rg8 Ke7 42. Rb8 Kf7 43. Kg4 Rd7 44. f4 Re7 45. a3 Rd7 46. b4 axb4 47. axb4 Ke7 48. b5 Kd6 49. Rf8 Ke7 50. Rb8 Kf7 51. Rh8 Kg7 52. Re8 Kf7 53. Rh8 Kg6 54. Rg8+ Kh6 55. Re8 f5+ 56. Kf3 Rd6 57. Re7 Rb6 58. Kg3 Kg6 59. h5+ Kxh5 60. Rxh7+ Kg6 61. Rh8 Rxb5 62. Rb8 Rb3+ 63. Kf2 Kf7 64. Ke2 Ke7 65. Kd2 Kd7 66. Kc2 Rb6 67. Rf8 Rc6+ 68. Kb3 Rc4 0-1